Statistics for German Geography A-Z

Click here to take the quiz!

General Stats

  • This quiz has been taken 78 times
  • The average score is 16 of 23

Answer Stats

ClueAnswer% Correct
CMajor city famous for its cathedralCologne
99%
FFinancial capital of GermanyFrankfurt
99%
BLargest state of GermanyBavaria
99%
MCity famous for its OktoberfestMunich
99%
RRiver that flows through Düsseldorf and BonnRhine
97%
NSite of the post World War II war crimes trialsNuremberg
96%
DSaxony city famous for being firebombedDresden
93%
PHistoric country that unified GermanyPrussia
91%
JPeninsula of northern Germany and DenmarkJutland
90%
ERiver that empties near HamburgElbe
86%
TSecond most common ethnicityTurkish
86%
HCity of the 19th century British MonarchsHanover
84%
ACity on the border with Belgium and the NetherlandsAachen
69%
ORiver that forms Germany's eastern borderOder
63%
KMajor port and shipbuilding centerKiel
61%
UEinstein was born here in 1879Ulm
60%
ZHighest mountainZugspitze
50%
SRegion briefly separated from Germany after WWIISaarland
44%
LState where "H" is locatedLower Saxony
41%
GWinter Olympic host cityGarmisch-Partenkirchen
39%
WHistoric region located near the RuhrWestphalia
34%
IArea of Berlin known for museums such as the Pergamum: Museum ______Island
31%
XCity famous for its open-air archeological museumXanten
23%

Score Distribution

Percentile by Number Answered

Percent of People with Each Score

Your Score History

You have not taken this quiz